[Event "JUG-chT"]
[Site "Cetinje"]
[Date "1993.??.??"]
[Round "?"]
[White "Petrovic, Vojislav"]
[Black "Lekic, Dusan"]
[Result "0-1"]
[WhiteElo "2305"]
[BlackElo "2265"]

1.e4 c5 2.Nf3 Nc6 3.Bb5 d6 4.O-O Bd7 5.c3 a6 6.Bxc6 Bxc6 7.Re1 Nf6 8.d4 cxd4
9.cxd4 Bxe4 10.Nc3 Bxf3 11.Qxf3 e6 12.Qxb7 Qc8 13.Qf3 Be7 14.Bg5 O-O 15.Ne4 Qd8
16.Bxf6 Bxf6 17.Nxf6+ Qxf6 18.Qxf6 gxf6 19.d5 e5 20.Rac1 Rfb8 21.b3 Rb5 22.Red1 Kf8
23.Rc6 Ke7 24.Rc7+ Ke8 25.g4 Rd8 26.Rd3 Rd7 27.Rc6 a5 28.Kg2 Ke7 29.h3 f5
30.gxf5 Kf6 31.a4 Rbb7 32.Rc4 h5 33.f4 Kxf5 34.fxe5 Kxe5 35.Kf3 f5 36.Re3+ Kxd5
37.Kf4 Re7 38.Rd3+ Ke6 39.Rc6 Rb4+ 40.Kg5 Rd7 41.Ra6 Ke5 42.Rxa5+ Ke4 43.Rad5 f4
44.Rxd6 Rxd6 45.Rxd6 f3 46.Kxh5 Rxb3 47.Rf6 Rb1 48.h4 Ke3 49.Kg5 Rg1+ 50.Kh6 f2
51.h5 Rg3 52.Re6+ Kd3 53.Rf6 Ke2  0-1

[Event "JUG-chT"]
[Site "Cetinje"]
[Date "1993.??.??"]
[Round "?"]
[White "Sparic, Nebojsa"]
[Black "Milanovic, Danilo"]
[Result "0-1"]
[WhiteElo "2245"]
[BlackElo "2325"]

1.e4 c5 2.Nf3 Nc6 3.Bb5 Qc7 4.O-O e6 5.Re1 a6 6.Bf1 d6 7.c3 e5 8.a4 Be7 9.Na3 Bf6
10.Nc2 Nge7 11.Bc4 Na5 12.d3 Rb8 13.Ne3 O-O 14.Nd5 Nxd5 15.Bxd5 Nc6 16.Be3 Ne7
17.Bc4 b5 18.axb5 axb5 19.Bb3 Bb7 20.Bc2 d5 21.Qe2 Rbc8 22.Bg5 Bxg5 23.Nxg5 Ng6
24.Qh5 h6 25.Nh3 Rcd8 26.Rad1 Rd7 27.Bb3 Rfd8 28.exd5 Bxd5 29.Bxd5 Rxd5 30.c4 Rd4
31.cxb5 Qb6 32.Qe2 Qxb5 33.f3 f6 34.Nf2 Nf4 35.Qc2 Ra8 36.Rd2 Qb4 37.Red1 Nd5
38.Ne4 Ne3 39.Qc3 Nxd1 40.Qxb4 Rxb4 41.Rxd1 Rxb2 42.Rd2 Rxd2 43.Nxd2 Rd8
44.Ne4 Rd5 45.Kf2 f5 46.Ng3 Rxd3 47.Nxf5 c4 48.Ne3 c3 49.Ke2 Rd7 50.g3 Rd2+  0-1

[Event "JUG-chT"]
[Site "Cetinje"]
[Date "1993.??.??"]
[Round "?"]
[White "Ivanisevic, Ivan"]
[Black "Milanovic, Danilo"]
[Result "1-0"]
[WhiteElo "2210"]
[BlackElo "2325"]

1.e4 c5 2.Nf3 Nc6 3.Bb5 g6 4.Nc3 Bg7 5.Qe2 Nd4 6.Nxd4 cxd4 7.Nb1 Nf6 8.c3 Qc7
9.O-O dxc3 10.Nxc3 a6 11.Ba4 b5 12.Bb3 b4 13.Na4 Bb7 14.d3 d6 15.Be3 Nd7
16.Qd2 a5 17.Rac1 Qd8 18.f4 O-O 19.f5 Rb8 20.Bh6 d5 21.Bxg7 Kxg7 22.Qf4 Rc8
23.Rxc8 Qxc8 24.exd5 Nf6 25.Qd4 Rd8 26.fxg6 hxg6 27.Qe5 Rd7 28.d4 Qd8 29.Nc5 Rc7
30.h4 Kg8 31.h5 Nxh5 32.Rxf7 Rxc5 33.dxc5 Kxf7 34.d6+ Ke8 35.Qh8+ Kd7 36.Be6+  1-0

[Event "JUG-chT"]
[Site "Cetinje"]
[Date "1993.??.??"]
[Round "?"]
[White "Martinovic, Slobodan"]
[Black "Vukovic, Zdravko"]
[Result "1/2-1/2"]
[WhiteElo "2465"]
[BlackElo "2440"]

1.e4 c5 2.Nf3 Nc6 3.Bb5 Nf6 4.Qe2 g6 5.O-O Bg7 6.c3 O-O 7.Rd1 a6 8.Ba4 d5
9.e5 Ne8 10.d4 c4 11.Bxc6 bxc6 12.b4 cxb3 13.axb3 a5 14.Be3 Qb6 15.Nbd2 Nc7
16.Ra2 f5 17.exf6 exf6 18.c4 Re8 19.Rda1 Bh6 20.Ra4 f5 21.g3 f4 22.gxf4 Bg4
23.Qd3 Ne6 24.Ne5  1/2-1/2

[Event "JUG-chT"]
[Site "Cetinje"]
[Date "1993.??.??"]
[Round "?"]
[White "Vujosevic, Vladimir"]
[Black "Kosanovic, Dragan"]
[Result "1-0"]
[WhiteElo "2355"]
[BlackElo "2320"]

1.e4 c5 2.Nf3 Nc6 3.Bb5 Nf6 4.Nc3 e5 5.Bxc6 dxc6 6.d3 Bd6 7.h3 h6 8.Be3 Nh7
9.Qd2 Be6 10.Ne2 Qe7 11.Qc3 Bd7 12.Nh2 Ng5 13.f4 exf4 14.Bxf4 Bxf4 15.Nxf4 O-O-O
16.O-O-O g6 17.Rdf1 Rhe8 18.b3 b6 19.Qg7 Qf8 20.Qxf8 Rxf8 21.Rf2 Rg8 22.h4 Ne6
23.Rhf1 Nxf4 24.Rxf4 f5 25.exf5 gxf5 26.R1f2 Rg7 27.Nf1 Rdg8 28.Ne3 Kc7 29.Nxf5 Rxg2
30.Rxg2 Rxg2 31.Nxh6 Rh2 32.Nf7 a5 33.a4 Be6 34.Ng5 Bd5 35.c4 Bh1 36.Nh7 Kd6
37.Nf8 Ke5 38.Ng6+ Kd6 39.Rf6+ Kd7 40.Rf4 Ke6 41.Kb1 Kd6 42.Rf6+ Kc7 43.Kc1 Kb7
44.Kd1 Bg2 45.Rf2 Rh1+ 46.Kd2 Bh3 47.Rf7+ Kc8 48.Ne5 Bg2 49.Rf2 Bh3 50.h5 Kd8
51.Rf6 Bd7 52.Rd6 Ke7 53.Rxd7+ Ke6 54.Rc7 Kxe5 55.Rxc6 Rxh5 56.Rxb6 Rg5 57.Rc6 Kf4
58.Rd6  1-0

[Event "JUG-chT"]
[Site "Cetinje"]
[Date "1993.??.??"]
[Round "?"]
[White "Milenkovic, Mladen"]
[Black "Milanovic, Danilo"]
[Result "1-0"]
[WhiteElo "2215"]
[BlackElo "2325"]

1.e4 c5 2.Nf3 Nc6 3.Bb5 g6 4.Bxc6 bxc6 5.O-O Bg7 6.Re1 Nf6 7.c3 O-O 8.h3 Rb8
9.b3 d6 10.d4 cxd4 11.cxd4 Nd7 12.Nc3 c5 13.Be3 Bb7 14.Rc1 Rc8 15.Qd2 c4
16.b4 e6 17.d5 e5 18.Nb5 Nf6 19.Bxa7 Ra8 20.Qe3 Qd7 21.Qb6 Bxd5 22.exd5 Nxd5
23.Qa5 Rfb8 24.a4 Rxb5 25.Qxb5 Qxb5 26.axb5 Rxa7 27.Rxc4 Rb7 28.Ra1 Bf6 29.Ra5 Kg7
30.Rc6 Nxb4 31.Rxd6 Be7 32.Rd1 e4 33.Nd2 f5 34.Nc4 Nd3 35.b6 Bc5 36.Rxd3 Bxb6
37.Rd2 Bxa5 38.Nxa5 Rb5 39.Nc4 Rc5 40.Ne3 Kf6 41.g3 Ke5 42.Kg2 g5 43.Rd7 h6
44.Rf7 Ke6 45.Rf8 h5 46.h4  1-0

[Event "JUG-chT"]
[Site "Cetinje"]
[Date "1993.??.??"]
[Round "?"]
[White "Tseshkovsky, Vitaly"]
[Black "Ivanovic, Bozidar"]
[Result "1-0"]
[WhiteElo "2495"]
[BlackElo "2475"]

1.e4 c5 2.Nf3 Nc6 3.Bb5 e6 4.Bxc6 bxc6 5.b3 Ne7 6.h4 h5 7.e5 Ng6 8.Qe2 f6
9.Bb2 fxe5 10.Nxe5 Qf6 11.Na3 Nxe5 12.Bxe5 Qg6 13.O-O-O Be7 14.Rh3 Rg8 15.Rg3 Qh7
16.Qf3 Ba6 17.Rh1 g6 18.Nc4 Bxc4 19.bxc4 Rf8 20.Qe2 Rf5 21.Rb3 Bf6 22.Bxf6 Rxf6
23.f3 Rd8 24.Qe5 Rf5 25.Qc7 Qe7 26.g4 hxg4 27.fxg4 Rf2 28.h5 gxh5 29.gxh5 Kf7
30.Rg1 Rh8 31.Rbg3 Rh7 32.h6 Ke8  1-0

[Event "ARG-chT"]
[Site "Chaco"]
[Date "1993.??.??"]
[Round "6"]
[White "Valiente, Cristobal"]
[Black "Nedilsky, Diego"]
[Result "1-0"]
[WhiteElo "2340"]
[BlackElo "2240"]

1.e4 c5 2.Nf3 Nc6 3.Bb5 e6 4.O-O Nge7 5.b3 Nd4 6.Nxd4 cxd4 7.Bb2 Nc6 8.c3 Bc5
9.Qh5 b6 10.b4 dxc3 11.dxc3 Be7 12.Nd2 Bb7 13.f4 a6 14.Ba4 b5 15.Bb3 a5 16.bxa5 Qxa5
17.Kh1 b4 18.Qh3 Bf6 19.Nc4 Qc5 20.cxb4 Nxb4 21.Bxf6 gxf6 22.e5 Bc6 23.Nd6+ Ke7
24.Rac1 Qd4 25.Qh4 Bxg2+ 26.Kxg2 Rhg8+ 27.Kh1 Rg6 28.Qxh7 Rf8 29.Rc8 fxe5
30.fxe5  1-0

[Event "Cheliabinsk"]
[Site "Cheliabinsk"]
[Date "1993.??.??"]
[Round "?"]
[White "Magomedov, Magaram"]
[Black "Kiselev, Sergey"]
[Result "1/2-1/2"]
[WhiteElo "2435"]
[BlackElo "2470"]

1.e4 c5 2.Nf3 Nc6 3.Bb5 g6 4.Bxc6 dxc6 5.d3 Bg7 6.Nc3 Bg4 7.h3 Bxf3 8.Qxf3 Nf6
9.O-O Nd7 10.Be3 O-O 11.Qe2 e5 12.Qd2 Re8 13.Rae1 Qe7 14.Ne2  1/2-1/2

[Event "Chisinau op"]
[Site "Chisinau"]
[Date "1993.??.??"]
[Round "?"]
[White "Chernov, Vadim"]
[Black "Nevednichy, Vladislav"]
[Result "0-1"]
[WhiteElo "2395"]
[BlackElo "2495"]

1.e4 c5 2.Nf3 Nc6 3.Bb5 e6 4.Bxc6 bxc6 5.d3 Ne7 6.Bd2 f6 7.Nh4 e5 8.O-O d6
9.f4 Be6 10.c4 Qd7 11.a3 exf4 12.Bc3 Ng6 13.Nxg6 hxg6 14.Nd2 g5 15.b4 Be7
16.Rb1 Kf7 17.Rf2 Rab8 18.Qa4 d5 19.exd5 cxd5 20.Qxd7 Bxd7 21.cxd5 Bf5 22.Re1 Bxd3
23.h4 Rxh4 24.Nf3 Rh5 25.Rd2 c4 26.Nd4 Rbh8 27.Kf2 g4 28.Nc6 Bd6 29.Nxa7 Rxd5
30.Nc6 f3 31.gxf3 g3+ 32.Kg2 Bf4 33.Re7+ Kg6 34.Ree2 Rdh5  0-1

[Event "Cipolletti"]
[Site "Cipolletti"]
[Date "1993.??.??"]
[Round "4"]
[White "Leskovar, Mario"]
[Black "Gamarra Caceres, Carlos"]
[Result "1-0"]
[WhiteElo "2365"]
[BlackElo "2310"]

1.e4 c5 2.Nf3 Nc6 3.Bb5 g6 4.Bxc6 dxc6 5.h3 e5 6.O-O Bg7 7.b4 cxb4 8.a3 c5
9.Bb2 bxa3 10.Nxa3 Nf6 11.Bxe5 O-O 12.d3 Nh5 13.Bxg7 Kxg7 14.Qd2 Qf6 15.e5 Qf4
16.Rfb1 b6 17.Nb5 Bb7 18.Qxf4 Nxf4 19.Ne1 Nd5 20.c4 Nb4 21.Rxa7 Rxa7 22.Nxa7 Rd8
23.Nb5 Ra8 24.Nd6 Bc6 25.f3 Ra4 26.Kh2 h5 27.h4 Bd7 28.Kg3 Kf8 29.Kf4 Ke7
30.Ne4 Be6 31.g4 Ra2 32.gxh5 gxh5 33.Nf6 Re2 34.Kg3 Rxe5 35.Ne4 f5 36.f4 fxe4
37.fxe5 exd3 38.Nf3 Bxc4 39.Kf4 Nd5+ 40.Kg5 b5 41.Kxh5 Nc3 42.Ra1 b4 43.Ra7+ Ke6
44.Kg6 b3 45.Nd2 Bd5 46.h5 Ne4 47.Ra6+ Kxe5 48.Nf3+ Kf4 49.h6 d2 50.Ra1 Be6
51.Nh4 Nd6 52.h7 Nf7 53.Kf6 Bc4 54.Ng6+ Ke3 55.Ne5 Ke2 56.Nxc4 Nh8 57.Nb2 c4
58.Nxc4 Kd3 59.Nxd2  1-0

[Event "Clichy"]
[Site "Clichy"]
[Date "1993.??.??"]
[Round "5"]
[White "Boudre, Jean Pierre"]
[Black "Berthelot, Yannick"]
[Result "1-0"]
[WhiteElo "2380"]
[BlackElo "2340"]

1.e4 c5 2.Nf3 Nc6 3.Bb5 e6 4.Bxc6 bxc6 5.b3 f6 6.O-O Nh6 7.d4 cxd4 8.Bxh6 gxh6
9.Nxd4 Qa5 10.Nd2 Ba6 11.Nc4 Qc5 12.e5 Bxc4 13.bxc4 Qxe5 14.Re1 Qc5 15.Rb1 Be7
16.Rb3 O-O-O 17.Qd3 Bd6 18.Ne2 f5 19.Nc3 Bc7 20.Reb1 Qd6 21.Qh3 Rdg8 22.g3 Rg4
23.Qg2 Rxc4 24.Nb5 Qc5 25.Nxc7 Kxc7 26.Rb7+ Kd6 27.Qf3 Rd8 28.Rd1+ Ke7 29.Qd3 Qd5
30.Qa3+ Qc5 31.Qb2 Rc3 32.Rb3 Rxb3 33.Qg7+ Ke8 34.cxb3 Qe7 35.Qh8+ Qf8 36.Qxh7 h5
37.Qxh5+ Qf7 38.Qh8+ Ke7 39.Qd4 d6 40.Qxa7+ Kf6 41.Qd4+ e5 42.Qh4+  1-0

[Event "Clichy"]
[Site "Clichy"]
[Date "1993.??.??"]
[Round "9"]
[White "Boudre, Jean Pierre"]
[Black "Mohandesi, Shahin"]
[Result "1-0"]
[WhiteElo "2380"]
[BlackElo "2310"]

1.e4 c5 2.Nf3 Nc6 3.Bb5 e6 4.Bxc6 bxc6 5.b3 f6 6.d3 Ne7 7.Nh4 d6 8.f4 g6
9.Bb2 Bg7 10.O-O O-O 11.Nd2 e5 12.fxe5 fxe5 13.Nc4 Be6 14.Rxf8+ Bxf8 15.Qd2 Qd7
16.Rf1 Bg7 17.Qg5 h6 18.Qg3 g5 19.Nf5 Bxf5 20.exf5 Rf8 21.Ne3 Nd5 22.Nxd5 cxd5
23.Qg4 Rf7 24.Bc1 Rf6 25.c4 d4 26.Qe4 Rf7 27.Qd5 Bf6 28.Bd2 Kg7 29.g4 Re7
30.Re1 Qb7 31.Qxb7 Rxb7 32.Kg2 Kf8 33.h4 Rh7 34.h5 d5 35.cxd5 Rd7 36.Kf3 Rxd5
37.Ke4 Rd6 38.Rc1 Ra6 39.Rxc5 Rxa2 40.Bb4 Ke8 41.Rc6 a5 42.Rxf6 axb4 43.Rxh6 Re2+
44.Kd5 Kf7 45.Rb6 e4 46.Kxd4 exd3 47.Kxd3 Rg2 48.Rxb4 Rg3+ 49.Kc2 Kf6 50.Re4 Rg2+
51.Kc3 Rg3+ 52.Kc4 Rg1 53.b4 Rc1+ 54.Kd5 Rd1+ 55.Kc5 Rc1+ 56.Rc4 Rf1 57.b5 Ke7
58.b6 Kd7 59.h6 Rh1 60.Rd4+ Kc8 61.Rd6 Kb7 62.Rd7+ Kc8 63.b7+  1-0

[Event "Sommerskak"]
[Site "Copenhagen"]
[Date "1993.??.??"]
[Round "2"]
[White "Mainka, Romuald"]
[Black "Kjeldsen, Jens"]
[Result "1-0"]
[WhiteElo "2515"]
[BlackElo "2380"]

1.e4 c5 2.Nf3 Nc6 3.Bb5 g6 4.Bxc6 bxc6 5.O-O Bg7 6.Re1 Nh6 7.d3 f6 8.e5 fxe5
9.Nxe5 O-O 10.Nc3 Nf5 11.Bg5 Qc7 12.Ng4 d6 13.Qc1 Rb8 14.Rb1 Kh8 15.Nh6 e5
16.Nxf5 gxf5 17.f4 Rg8 18.Kh1 Qf7 19.Qd2 Be6 20.Qf2 c4 21.Bh4 cxd3 22.cxd3 Rb4
23.Bg3 Qg6 24.a3 Rd4 25.fxe5 f4 26.Bxf4 Rxf4 27.Qxf4 Bxe5 28.Qf2 Bg7 29.Ne4 Bd5
30.Re2 c5 31.Rf1 Bd4 32.Qf5 Bb7 33.Qxg6 Rxg6 34.Nxd6  1-0

[Event "Copenhagen op15"]
[Site "Copenhagen"]
[Date "1993.??.??"]
[Round "2"]
[White "Alkaersig, Ole"]
[Black "Mortensen, Erling"]
[Result "0-1"]
[WhiteElo "2265"]
[BlackElo "2450"]

1.e4 c5 2.Nf3 Nc6 3.Bb5 g6 4.Bxc6 bxc6 5.O-O Bg7 6.Re1 Nh6 7.c3 O-O 8.d3 d6
9.Qa4 Bd7 10.Nbd2 f6 11.Nc4 Nf7 12.Be3 e5 13.Qa5 Qxa5 14.Nxa5 f5 15.c4 f4
16.Bd2 g5 17.Bc3 g4 18.Nd2 f3 19.g3 Ng5 20.h4 gxh3 21.Kh2 Rf6 22.Nf1 Ne6
23.a3 Nd4 24.b4 cxb4 25.Bxd4 exd4 26.axb4 Rb8 27.Reb1 Rf7 28.Nb3 Bg4 29.Ra4 Rfb7
30.Na5 Rb6 31.Nd2 Bd7 32.Nab3 Rxb4 33.Rxa7 Bg4 34.Raa1 c5 35.Na5 Rb2 36.Nc6 R8b7
37.Ne7+ Kf7 38.Nd5 Bh6 39.Nf4 Kf6 40.Rxb2 Rxb2 41.e5+ Kxe5 42.Ne4 Bxf4 43.gxf4+ Kxf4
44.Ra7 Bf5 45.Rf7 Kg4 46.Rg7+ Kh4  0-1

[Event "Copenhagen op15"]
[Site "Copenhagen"]
[Date "1993.??.??"]
[Round "2"]
[White "Fuglsang, Flemming"]
[Black "Yakovich, Yuri"]
[Result "0-1"]
[WhiteElo "2275"]
[BlackElo "2510"]

1.e4 c5 2.Nf3 Nc6 3.Bb5 g6 4.O-O Bg7 5.c3 Nf6 6.e5 Nd5 7.d4 cxd4 8.cxd4 O-O
9.Qe2 d6 10.h3 Be6 11.Nc3 dxe5 12.Bxc6 bxc6 13.Nxe5 Qb6 14.Bg5 Rfe8 15.Rfd1 Rad8
16.Rac1 Nxc3 17.bxc3 c5 18.Rb1 Qc7 19.Bf4 Qc8 20.Rb2 cxd4 21.cxd4 Bd5 22.Bg3 Qe6
23.Qd2 Ba8 24.Rb5 f6 25.d5 Qc8 26.Rc1 Qa6 27.Ra5 Bh6 28.f4 Qb6+ 29.Bf2 Bxf4
30.Qe1 Qd6 31.Nc4 Qd7 32.Rd1 Bb8 33.Ne3 Bc7 34.Ra3 Qd6 35.Qc3 Qh2+ 36.Kf1 Bb6
37.Qc4 e6 38.Bg1 Qe5 39.Bf2 exd5 40.Qg4 d4 41.Bg3 Qb5+  0-1

[Event "Copenhagen op15"]
[Site "Copenhagen"]
[Date "1993.??.??"]
[Round "4"]
[White "Mortensen, Erling"]
[Black "Yakovich, Yuri"]
[Result "1/2-1/2"]
[WhiteElo "2450"]
[BlackElo "2510"]

1.e4 c5 2.Nf3 Nc6 3.Bb5 g6 4.O-O Bg7 5.c3 Nf6 6.Qe2 O-O 7.Rd1 d5 8.e5 Ne8
9.h3 Nc7 10.Bxc6 bxc6 11.d4 Ba6 12.Qe3 cxd4 13.cxd4 Ne6 14.Nc3 f6 15.Na4 fxe5
16.Nxe5 Qd6 17.Re1 Rf4 18.Nc3 Rxd4 19.Nxc6 Qxc6 20.Qxe6+ Qxe6 21.Rxe6 Bc4
22.Rxe7 Rd3 23.Bf4 Rf8 24.Be5 Bxe5 25.Rxe5 Rb8 26.Na4 d4 27.b3 Bb5 28.Nc5 Rd2
29.a4 Re8 30.Rae1 Rxe5 31.Rxe5 Bc6 32.Re6 Bd5 33.Rd6 Bf7 34.a5 Rc2 35.b4 Rc4
36.Nd3 Be8 37.Rd5 a6 38.Rc5 Rc3 39.Rxc3 dxc3 40.f4 Bb5 41.Ne1 Kf7 42.Kf2 Ke6
43.Ke3 Kd5 44.g4 Kc4 45.f5 gxf5 46.gxf5 Kxb4 47.f6 Bc4 48.Kd4 Kb3 49.Kc5 Bg8
50.Kb6 Bc4 51.Kc5 Bg8 52.Kb6  1/2-1/2

[Event "Sommerskak"]
[Site "Copenhagen"]
[Date "1993.??.??"]
[Round "4"]
[White "Mortensen, Erling"]
[Black "Kjeldsen, Jens"]
[Result "1-0"]
[WhiteElo "2445"]
[BlackElo "2380"]

1.e4 c5 2.Nf3 Nc6 3.Bb5 g6 4.c3 Bg7 5.d4 Qb6 6.a4 cxd4 7.cxd4 a6 8.Bxc6 Qxc6
9.d5 Qc4 10.Nbd2 Qb4 11.a5 d6 12.Ra4 Qb5 13.Nc4 Bd7 14.Nb6 Rc8 15.Bd2 Rc7
16.Rb4 Qd3 17.Nxd7 Rxd7 18.Qa4 Nf6 19.Bc3 O-O 20.Bxf6 Bxf6 21.Qxd7 Qb1+ 22.Ke2 Qxh1
23.Qxb7 Qxg2 24.Qxa6 g5 25.Qd3 g4 26.Nd4 Bh4 27.Qe3 e6 28.a6 f5 29.exf5 e5
30.Ne6 Rc8 31.a7 Qxd5 32.Qe4  1-0

[Event "Copenhagen op15"]
[Site "Copenhagen"]
[Date "1993.??.??"]
[Round "9"]
[White "Sobjerg, Erik"]
[Black "Schandorff, Lars"]
[Result "0-1"]
[WhiteElo "2270"]
[BlackElo "2420"]

1.e4 c5 2.Nf3 Nc6 3.Bb5 e6 4.O-O Nge7 5.c3 a6 6.Ba4 b5 7.Bc2 Bb7 8.Re1 Rc8
9.d4 cxd4 10.cxd4 Nb4 11.Bb3 Rxc1 12.Qxc1 Nd3 13.Qe3 Nxe1 14.Qxe1 Ng6 15.Nbd2 Be7
16.Rc1 O-O 17.Qe3 Qb8 18.a4 Rc8 19.Rxc8+ Qxc8 20.Qc3 Qa8 21.Qd3 Nf4 22.Qe3 Qc8
23.Nf1 Ng6 24.Qd3 h6 25.g3 Qc6 26.d5 Qc5 27.Ne3 Bf6 28.Qd2 Ne5 29.Nxe5 Bxe5
30.Kg2 Bf6 31.axb5 axb5 32.Kf3 Kf8 33.Ba2 Ke7 34.b4 Qc3 35.Qc2 Kd6 36.Qxc3 Bxc3
37.dxe6 dxe6 38.Nc2 f5 39.Ke3 Bxe4 40.Nd4 Bxb4 41.Nxb5+ Kd7 42.Kd4 Be7 43.f4 Kc6
44.Nc3 Bf6+ 45.Kc4 Bg2 46.Kd3 Kd7 47.Bb3 g5 48.Ne2 Kd6 49.Nd4 Be4+ 50.Ke3 Bd5
51.Bc2 g4 52.Bd3 Kc5 53.Ne2 Bb2 54.Ba6 Kd6 55.Nd4 Kc5 56.Ne2 Bc4 57.Bb7 Kb6
58.Bg2 Ba3 59.Kd2 Bb4+ 60.Ke3 Bc5+ 61.Kd2 Bf2 62.Kd1 Bb5 63.Kd2 Kc5 64.Bf1 Bc6
65.Kd3 h5 66.Kd2 Bb7 67.Kd3 Bg1 68.Kd2 Bxh2 69.Ke1 Bf3 70.Kf2 Bxe2 71.Bxe2 h4
72.gxh4 Bxf4 73.Ba6 Kd6 74.Bc8 Ke5 75.Ke2 Bg3 76.h5 Bf4 77.Kf2 Kf6  0-1

[Event "CUB-ch"]
[Site "?"]
[Date "1993.??.??"]
[Round "7"]
[White "Aldama, Degurnay"]
[Black "Diaz, Augusto"]
[Result "1-0"]
[WhiteElo "2460"]
[BlackElo "2285"]

1.e4 c5 2.Nf3 Nc6 3.Bb5 g6 4.Bxc6 dxc6 5.h3 Bg7 6.Nc3 Nf6 7.d3 O-O 8.Be3 b6
9.Qd2 Re8 10.O-O e5 11.Bh6 Bh8 12.Ne2 c4 13.Ng5 cxd3 14.cxd3 Ba6 15.Rad1 Qd6
16.f4 Qc5+ 17.Kh1 Rad8 18.Rf3 Rd7 19.fxe5 Qxe5 20.d4 Bxe2 21.dxe5 Rxd2 22.Rxd2 Bxf3
23.exf6 Bh5 24.e5  1-0

[Event "Cuxhaven op"]
[Site "Cuxhaven"]
[Date "1993.??.??"]
[Round "8"]
[White "Zapolskis, Antanas"]
[Black "Dambrauskas, Virginijus"]
[Result "1-0"]
[WhiteElo "2340"]
[BlackElo "2360"]

1.e4 c5 2.Nf3 Nc6 3.Bb5 Na5 4.c3 a6 5.Ba4 b5 6.Bc2 d5 7.d4 dxe4 8.Bxe4 Bb7
9.Bxb7 Nxb7 10.O-O Nf6 11.Qe2 e6 12.Bg5 Be7 13.a4 b4 14.dxc5 bxc3 15.Nxc3 Nxc5
16.Rfd1 Qb8 17.Ne5 Qb7 18.Rab1 Rd8 19.Rxd8+ Bxd8 20.b4 Nce4 21.Nxe4 Nxe4
22.Bxd8 Nc3 23.Qg4 Nxb1 24.Qxg7 Rf8 25.Bg5 Qe4 26.h3 Qe1+ 27.Kh2 Nd2 28.Bxd2 Qxd2
29.Qg4 Qd6 30.f4 Qxb4 31.Qf3 Qxa4 32.Qe3 Ke7 33.Qc5+ Kf6 34.Ng4+ Kg7 35.Qg5+ Kh8
36.Qf6+  1-0

[Event "CZE-ch"]
[Site "?"]
[Date "1993.??.??"]
[Round "2"]
[White "Oral, Tomas"]
[Black "Jirovsky, Milos"]
[Result "1/2-1/2"]
[WhiteElo "2335"]
[BlackElo "2420"]

1.e4 c5 2.Nf3 Nc6 3.Bb5 g6 4.Bxc6 dxc6 5.h3 Bg7 6.d3 e5 7.Be3 Qe7 8.Nbd2 f6
9.Nb3 b6 10.Nfd2 Nh6 11.O-O O-O 12.Qe2 Nf7 13.Rae1 Be6 14.f4 exf4 15.Bxf4 Rae8
16.Qf3 Qd7 17.Qg3 f5 18.exf5 Bxf5 19.Nc4 Be6 20.c3 Bd5 21.Nbd2 Re6 22.Rxe6 Bxe6
23.Ne4 Re8 24.Bc7 Rc8 25.Bf4 Rd8  1/2-1/2

[Event "CZE-chT"]
[Site "?"]
[Date "1993.??.??"]
[Round "?"]
[White "Styblo, Michal"]
[Black "Znamenacek, Kvetoslav"]
[Result "1/2-1/2"]
[WhiteElo "2310"]
[BlackElo "2275"]

1.e4 c5 2.Nf3 Nc6 3.Bb5 g6 4.O-O Bg7 5.c3 Nf6 6.Re1 O-O 7.d4 cxd4 8.cxd4 d5
9.e5 Ne4 10.Nc3 Nxc3 11.bxc3 Na5 12.Bd3 Bg4 13.h3 Bxf3 14.Qxf3 Rc8 15.Bf1 Rc6
16.Rb1 a6 17.a4 Qd7 18.Qg4 e6 19.h4 Rfc8 20.h5 Rxc3 21.Bd2 Qxa4 22.Ra1 Ra3
23.Rxa3 Qxa3 24.Bg5 Qb4 25.Rd1 Nc6 26.hxg6 hxg6 27.Qh4 Nxe5 28.dxe5 Qxh4
29.Bxh4 Bxe5 30.Bd3 b5 31.Be7 Rc3 32.Kf1 Rb3 33.Ke2 a5 34.Rb1 Rxb1 35.Bxb1 a4
36.Bb4 Bb2 37.Kd1 f5 38.Bd3 a3 39.Bb1 Kf7 40.Kc2 e5 41.Kb3 e4 42.Bxa3 Bd4
43.f3 Ke6 44.Kb4 Ke5 45.Kxb5 exf3 46.gxf3 Kf4 47.Kc6 Kxf3 48.Kxd5 Bc3  1/2-1/2

[Event "CZE-chT"]
[Site "?"]
[Date "1993.??.??"]
[Round "?"]
[White "Pacl, Vaclav"]
[Black "Bartak, Vladimir"]
[Result "0-1"]
[WhiteElo "2300"]
[BlackElo "2305"]

1.e4 c5 2.Nf3 Nc6 3.Bb5 g6 4.O-O Bg7 5.Re1 Nf6 6.e5 Nd5 7.Nc3 Nc7 8.Bxc6 dxc6
9.Ne4 Ne6 10.d3 b6 11.h3 Qc7 12.Ned2 a5 13.a4 Ba6 14.b3 O-O-O 15.Bb2 Kb8
16.Re4 h6 17.Qe2 g5 18.Re1 Nf4 19.Qd1 Bc8 20.Nf1 Bf5 21.R4e3 Qc8 22.N3h2 h5
23.Rg3 Rhg8 24.Ne3 Be6 25.Rxg5 Bxh3 26.Qf3 Bh6 27.Rg3 h4 28.Rg4 Bxg4 29.Nexg4 Bg5
30.Re4 Nd5 31.Qxf7 Rdf8 32.Qh7 Qe6 33.Nf3 Bf4 34.Rxf4 Nxf4 35.Ne3 Nxg2 36.Nxg2 h3  0-1

[Event "CZE-chT"]
[Site "?"]
[Date "1993.??.??"]
[Round "?"]
[White "Oral, Tomas"]
[Black "Bartak, Vladimir"]
[Result "1-0"]
[WhiteElo "2335"]
[BlackElo "2305"]

1.e4 c5 2.Nf3 Nc6 3.Bb5 g6 4.Bxc6 dxc6 5.h3 Bg7 6.d3 e5 7.Be3 b6 8.Nbd2 Ne7
9.Nc4 Qc7 10.a4 a5 11.b4 b5 12.axb5 cxb5 13.Nxa5 cxb4 14.Nb3 Rxa1 15.Nxa1 O-O
16.Qd2 Nc6 17.O-O Rd8 18.Bc5 Be6 19.Bxb4 Nxb4 20.Qxb4 Qc6 21.Qb2 f6 22.Rb1 Ra8
23.Nb3 Bf7 24.c3 Rc8 25.Rc1 Bh6 26.Nbd2 Qd7 27.d4 exd4 28.cxd4 Ra8 29.d5 Qd6
30.Rc6 Qa3 31.Qxa3 Rxa3 32.Rxf6 b4 33.Rb6 Rd3 34.Nc4 Bf4 35.g3  1-0

[Event "Debrecen-B"]
[Site "Debrecen"]
[Date "1993.??.??"]
[Round "1"]
[White "Held, Markus"]
[Black "Csomos, Roland"]
[Result "1-0"]
[WhiteElo "2235"]
[BlackElo "2345"]

1.e4 c5 2.Nf3 Nc6 3.Bb5 g6 4.O-O Bg7 5.c3 Nf6 6.Qe2 O-O 7.Rd1 a6 8.Bxc6 bxc6
9.e5 Nd5 10.d4 cxd4 11.cxd4 a5 12.Nc3 Ba6 13.Qe4 Nxc3 14.bxc3 Qc7 15.Bf4 d5
16.exd6 exd6 17.Re1 Rad8 18.Qe3 Qc8 19.Bh6 Rfe8 20.Qf4 Bxh6 21.Qxh6 Qd7 22.Ng5 f6
23.Ne4 Qf5 24.Nxd6 Rxe1+ 25.Rxe1 Qd5 26.Re7  1-0

[Event "Debrecen-A"]
[Site "Debrecen"]
[Date "1993.??.??"]
[Round "3"]
[White "Kirchner, Thomas"]
[Black "Feher, Gyula"]
[Result "1/2-1/2"]
[WhiteElo "2275"]
[BlackElo "2385"]

1.e4 c5 2.Nf3 Nc6 3.Bb5 e6 4.O-O Nge7 5.c3 a6 6.Bxc6 Nxc6 7.d4 d5 8.e5 Bd7
9.Nbd2 cxd4 10.cxd4 Rc8 11.a3 Na5 12.b4 Nc4 13.Nxc4 Rxc4 14.Be3 Be7 15.Nd2 Rc3
16.Qg4 Kf8 17.Rfc1  1/2-1/2

[Event "Debrecen-B"]
[Site "Debrecen"]
[Date "1993.??.??"]
[Round "5"]
[White "Held, Markus"]
[Black "Felegyhazi, Laszlo"]
[Result "1/2-1/2"]
[WhiteElo "2235"]
[BlackElo "2280"]

1.e4 c5 2.Nf3 Nc6 3.Bb5 g6 4.O-O Bg7 5.c3 Nf6 6.Qe2 O-O 7.Rd1 a6 8.Bxc6 dxc6
9.d4 cxd4 10.cxd4 Bg4 11.Nbd2 e5 12.dxe5 Nd7 13.h3 Bxf3 14.Nxf3 Qe7 15.Bg5 Qe8
16.Rd2 Nxe5 17.Rad1 Nxf3+ 18.Qxf3 Qe6 19.Rd7 Rae8 20.Qa3 f6 21.Be3 Rf7 22.Qd3 Rxd7
23.Qxd7 Qxd7 24.Rxd7 Rxe4 25.Rxb7 f5 26.g3 a5 27.b3 a4 28.Rb6 axb3 29.axb3 Re6
30.b4 Kf7 31.b5 cxb5 32.Rxb5 Re7  1/2-1/2

[Event "DEN-chT9394"]
[Site "DEN"]
[Date "1993.??.??"]
[Round "2"]
[White "Berg, Klaus"]
[Black "Fedder, Steen"]
[Result "1/2-1/2"]
[WhiteElo "2395"]
[BlackElo "2380"]

1.e4 c5 2.Nf3 Nc6 3.Bb5 g6 4.O-O Bg7 5.c3 Nf6 6.Re1 O-O 7.d4 cxd4 8.cxd4 a6
9.Bxc6 bxc6 10.Nc3 d6 11.h3 Rb8 12.Qc2 Qb6 13.b3 Bd7 14.Be3 Rfe8 15.Rad1 Qb4
16.Re2 Rec8 17.Ne1 Qb7 18.Nd3 Be6 19.Nf4 Bd7 20.Nd3 Be6 21.Nf4 Bd7  1/2-1/2

[Event "Dortmund op-A"]
[Site "Dortmund"]
[Date "1993.??.??"]
[Round "2"]
[White "Himmel, Hansjoerg"]
[Black "Razuvaev, Yuri S"]
[Result "1/2-1/2"]
[WhiteElo "2360"]
[BlackElo "2525"]

1.e4 c5 2.Nf3 Nc6 3.Bb5 e6 4.Bxc6 bxc6 5.d3 f6 6.O-O Ne7 7.Re1 Ng6 8.Nbd2 Be7
9.Nf1 O-O 10.h4 d6 11.h5 Nh8 12.Ng3 Nf7 13.Nh2 d5 14.f4 c4 15.dxc4 Bc5+ 16.Be3 Bxe3+
17.Rxe3 Qb6 18.c5 Qxc5 19.Qd2 Nd6 20.Qf2 Nc4 21.Rb3 Qxf2+ 22.Kxf2 e5 23.fxe5 fxe5+
24.Kg1 a5 25.exd5 cxd5 26.Rb5 Rd8 27.b3 Na3 28.Rc5 Be6 29.c4 Nc2 30.Rc1 Nb4
31.cxd5 Rxd5 32.a3 Nd3 33.Rxd5 Bxd5 34.Rc3 Nf4 35.Nf3 Bxf3 36.gxf3 Rd8 37.Re3 Rd1+
38.Kf2 Rd2+ 39.Ne2 Ra2 40.a4 Kf7 41.Kf1 Ra1+ 42.Kf2 Ra2  1/2-1/2

[Event "Dortmund op-A"]
[Site "Dortmund"]
[Date "1993.??.??"]
[Round "5"]
[White "Slobodjan, Roman"]
[Black "Schoen, Wolfram"]
[Result "1-0"]
[WhiteElo "2440"]
[BlackElo "2360"]

1.e4 c5 2.Nf3 Nc6 3.Bb5 g6 4.O-O Bg7 5.c3 Nf6 6.e5 Nd5 7.d4 cxd4 8.cxd4 Nc7
9.Nc3 Nxb5 10.Nxb5 a6 11.Qa4 O-O 12.Bg5 Rb8 13.Nc3 d6 14.exd6 Qxd6 15.d5 Ne5
16.Nxe5 Bxe5 17.Qh4 f6 18.Bh6 Rd8 19.Rad1 Bf5 20.Rfe1 Rbc8 21.Be3 g5 22.Qh6 Rc4
23.g3 Rf8 24.Rd2 Rf7 25.Kf1 Rg7 26.Qh5 Qd7 27.Qe2 b5 28.a3 h5 29.f3 g4 30.f4 Bxc3
31.bxc3 Rxc3 32.Bf2 Rc4 33.d6 Qc6 34.dxe7 Qh1+ 35.Bg1 Rxe7 36.Rd8+ Kg7 37.Qxe7+ Kg6
38.Rg8+ Kh6 39.Qg7+  1-0